000 00453nam a2200181Ia 4500
001 4044
005 20260306145727.0
008 260306t1995||||xx |||||||||||||| ||spa||
041 _aESP
082 _a306.85
_bF21
100 _aComité Científico de la Fase Local del Congreso UNIV'94
_eAUT
245 0 _aFamilia y desarrollo
260 _c1995
300 _a299 páginas :
_c21 cm.
650 _aGEN
654 _aCED
942 _cLIB
_dJUS
_fJUS
_2ddc
_n
999 _c4044
_d4044